| 000 | 00501nam a2200193zi 4500 | ||
|---|---|---|---|
| 999 |
_c21749 _d49747 |
||
| 005 | 20171102044457.0 | ||
| 020 | _a978-9961-79-245-9 | ||
| 037 |
_aBC_1404 55 _faut |
||
| 040 |
_aBC-ENSA _bfre |
||
| 041 | _afre | ||
| 110 | _aOffice national des statistiques | ||
| 245 | _aEnquête emploi auprès des ménages 2007 | ||
| 260 |
_aAlger _bONS _c2008 |
||
| 300 |
_a76 p. _bill. _c29 cm |
||
| 562 | _e01 exemplaire | ||
| 942 | _c09 | ||
| 490 | _a1687 | ||
| 653 | _aENQUETE/EMPLOI/METHODE STATISTIQUE | ||